Political rituals and symbols in Poland, 1944-2002

Titel: Political rituals and symbols in Poland, 1944-2002 : a research report / Izabella Main. [Geisteswissenschaftliches Zentrum Geschichte und Kultur Ostmitteleuropas, GWZO]
Verfasser:
Veröffentlicht: Leipzig : Leipziger Univ.-Verl., 2003
Umfang: 68 S. ; 24 cm
Format: Buch
Sprache: Deutsch
Schriftenreihe/
mehrbändiges Werk:
GWZO-Arbeitshilfen ; 2
RVK-Notation:
Schlagworte:
ISBN: 3936522588
Buchumschlag
X
Lokale Klassifikation: 32 7 V ; 32 7 P ; 32 15 L ; 32 9 K ; 32 7 Q
alg: 11511569
001A    $06000:13-11-03 
001B    $01999:21-05-23 $t01:27:23.000 
001C    $03019:19-12-11 $t13:39:23.000 
001D    $03019:19-12-11 
001U    $0utf8 
001X    $00 
002@    $0Aau 
003@    $0115115692 
003O    $0237813721 $aOCoLC 
004A    $03-936522-58-8 $fkart. : EUR 14.00 
004K    $09783936522587 
006G    $0968543111 
006T    $003,N36,1322 
006U    $003,A48,0501 
007A    $0968543111 $aDNB 
007G    $0DE02058AE1CFB1A3D5411C12579170045202A 
007T    $0Herdhh115115692 
009P    $qapplication/pdf $A2 $3Inhaltsverzeichnis $uhttp://scans.hebis.de/HEBCGI/show.pl?11511569_toc.pdf $mV:DE-603;B:DE-Mb50 
010@    $ager 
011@    $a2003 $n2003 
015@    $00 
017A    $asf 
021A    $aPolitical rituals and symbols in Poland, 1944-2002 $da research report $hIzabella Main. [Geisteswissenschaftliches Zentrum Geschichte und Kultur Ostmitteleuropas, GWZO] 
028A    $7 $8Main, Izabella [Tnd] $9158919955 
033A    $pLeipzig $nLeipziger Univ.-Verl. 
034D    $a68 S. 
034I    $a24 cm 
036E    $aGWZO-Arbeitshilfen $l2 
036F    $x12 $8GWZO-Arbeitshilfen $9186294034 $l2 
041A    $RKongresspolen $RWestgalizien $#Generalgouvernement Polen $#Polska $#Rzeczpospolita Polska $#Polska Rzeczpospolita Ludowa $#Poland $#Pologne $#République Polonaise $#Generalne Gubernatorstwo w Polsce $#Polish People's Republic $#Polska Rzeczpospolita Polen $#PRL $#RP $#Polen Generalgouvernement $#Polska Generalgouvernement $#Besetzte Polnische Gebiete $#Besetztes Gebiet in Polen $#Okupowane Polskie Obszary $#Obszary Okupowane w Polsce $#Volksrepublik Polen $#Polska Rosyjska $#Republic Polen $#Respublika Pol'ša $#Pol'skaja Narodnaja Respublika $#République de Pologne $#Polen Links der Weichsel $#Polska po Lewej Stronie Wisły $#Lenkija $#Polija $#Gubernija Carstva Pol'skago $#Republik Polen $74046496-9 $8Polen [Tg1] $9085129801 
041A/01 $RSymbol $RStaatssymbol $#Symbolism in politics $#Symbolisme en politique $#Simbolismo en política $#Symbol Politik $#Politische Symbolik $74175051-2 $8Politisches Symbol [Ts1] $9085818070 
041A/02 $RHandlung $RPolitische Betätigung $RPolitische Beteiligung $#Political participation $#Activité politique $#politische Aktivität $#politisches Handeln $#Politische Aktivität $#Politische Tätigkeit $74128597-9 $8Politisches Handeln [Ts1] $9085446904 
041A/03 $RRitus $#Rites and ceremonies $#Rites et cérémonies $#Ritual $#Ritus Soziologie $#Rituale $74050164-4 $8Ritual [Ts1] $9085140066 
041A/80 $i8.1 $i9.3d 
041A/90 $hXA-PL 
045E    $a16 $a63 
045F    $a909 $eDDC23BSB 
045F/01 $a909 
045F/03 $f09048 
045F/03 $f09049 
045F/03 $g438 
045G    $a900.94380904 $eDDC23BSB 
045G/01 $a900 
045G/03 $f0904 
045G/03 $g438 
045H    $a306.09438 $eDDC23BSB 
045H/01 $a306.09 
045H/03 $g438 
045I    $a709.438 $eDDC23BSB 
045I/01 $a709 
045I/03 $g438 
045R    $aGeschichte 1944-2002 
045Z    $8MG 92070 [Tkv] $9410563692 
045Z    $8LB 51000 [Tkv] $9409529095 

lok: 11511569 24
101B    $009-09-11 $t08:40:10.000 
101C    $009-09-11 
101U    $0utf8 
145Z/01 $a32 7 V 
145Z/02 $a32 7 P 
145Z/03 $a32 15 L 
145Z/04 $a32 9 K 
145Z/05 $a32 7 Q 

exp: 11511569 24 1 #EPN
201B/01 $009-09-11 $t08:40:10.000 
201C/01 $025-08-11 
201U/01 $0utf8 
203@/01 $0628662203 
208@/01 $a09-09-11 $bz 
209A/01 $a11.06120 $du $f050 $h11 06120 $x00 
209C/01 $a11.06120 G $h11 06120 G 
209G/01 $a72810724 $x00 
220C/01 $ahae 
247C/01 $8358050-7 Marburg, Bibliothek des Herder-Instituts Marburg $9102600961 

lok: 11511569 66

exp: 11511569 66 1 #EPN
201B/01 $019-12-11 $t13:39:23.000 
201C/01 $019-12-11 
201U/01 $0utf8 
203@/01 $0635699842 
208@/01 $a19-12-11 $bz 
209A/01 $aGk Ma-I/P $du $f000 $x00 
209C/01 $a05/h711 
244Z/01 $aPolen 1944-2002 $x03 
247C/01 $8618123-5 Darmstadt, Bibliothek des Deutschen Polen-Instituts $9102600902 

lok: 11511569 78

exp: 11511569 78 1 #EPN
201B/01 $019-04-17 $t19:18:45.000 
201U/01 $0utf8 
203@/01 $079385542X 
208@/01 $a12-11-16 $be 
209A/01 $a/ $f000 $x00 
237A/01 $aweiterführende Signatur(en): Herder-Institut: 11.06120 
244Z/01 $2Trx $#Poola $#Lenkija $#Polija $#Polen Land $#Poland $#Lengyelország $#Poľsko $#Polsko $8--Trx--Polska$gkraj $x01 $9391345966 
244Z/01 $aGeschichte 1944-2002 $x02 
244Z/01 $aPolitisches Symbol $x03 
244Z/01 $aPolitisches Handeln $x04 
244Z/01 $aRitual $x05 
244Z/01 $2Trx $8--Trx--Monographie $x06 $9391384546 
244Z/01 $2Trx $#kultuur, poliitiline $#politinė kultūra $#Culture, political $#kultúra, politikai $#kultura polityczna $#kultúra politická $#kultura politická $8--Trx--Kultur, politische $x07 $9391358995 
244Z/01 $2Trx $#rituaalid, poliitilised $#politiniai ritualai $#Rituals, political $#szertartások, politikai $#rytuały polityczne $#rituále politické $#rituály politické $#Zeremoniell $#Konfliktbeilegung $#ceremónie $#ceremonie $8--Trx--Rituale, politische $x08 $9391383655 
245Z/01 $a07.04 $x01 
247C/01 $82080>Marburg/Lahn, Herder-Institut, Forschungsbibliothek, Bibliographieportal $9336309341
LEADER 00000cam a2200000 c 4500
001 115115692
003 DE-603
005 20230521012723.0
007 tu
008 031113s2003 xx |||| | u00||u|ger
015 |a 03,A48,0501  |z 03,N36,1322  |2 dnb 
016 7 |2 DE-101  |a 968543111 
020 |a 3936522588  |c kart. : EUR 14.00 
024 3 |a 9783936522587 
035 |a (DE-599)DNB968543111 
035 |a (OCoLC)237813721 
040 |a DE-603  |b ger  |c DE-603  |d DE-603 
041 |a ger 
043 |c XA-PL 
082 0 4 |8 1\u  |a 909  |q DE-101  |2 23/BSB 
083 0 |8 2\u  |a 900.94380904  |q DE-101  |2 23/BSB 
083 0 |8 3\u  |a 306.09438  |q DE-101  |2 23/BSB 
083 0 |8 4\u  |a 709.438  |q DE-101  |2 23/BSB 
084 |a 16  |a 63  |q DE-101  |2 sdnb 
084 |a MG 92070  |0 (DE-625)122873:12043  |0 (DE-603)410563692  |2 rvk 
084 |a LB 51000  |0 (DE-625)90566:772  |0 (DE-603)409529095  |2 rvk 
084 |a 8.1  |a 9.3d  |q DE-101  |2 sdnb 
085 |8 1\u  |b 909 
085 |8 1\u  |z 1  |s 09048 
085 |8 1\u  |z 1  |s 09049 
085 |8 1\u  |z 2  |s 438 
085 |8 2\u  |b 900 
085 |8 2\u  |z 1  |s 0904 
085 |8 2\u  |z 2  |s 438 
085 |8 3\u  |b 306.09 
085 |8 3\u  |z 2  |s 438 
085 |8 4\u  |b 709 
085 |8 4\u  |z 2  |s 438 
090 |a b 
100 1 |a Main, Izabella  |0 (DE-603)158919955 
245 0 0 |a Political rituals and symbols in Poland, 1944-2002  |b a research report  |c Izabella Main. [Geisteswissenschaftliches Zentrum Geschichte und Kultur Ostmitteleuropas, GWZO] 
264 1 |a Leipzig  |b Leipziger Univ.-Verl.  |c 2003 
300 |a 68 S.  |c 24 cm 
490 1 |a GWZO-Arbeitshilfen  |v 2 
648 7 |a Geschichte 1944-2002  |2 gnd 
650 7 |a Politisches Symbol  |0 (DE-588)4175051-2  |0 (DE-603)085818070  |2 gnd 
650 7 |a Politisches Handeln  |0 (DE-588)4128597-9  |0 (DE-603)085446904  |2 gnd 
650 7 |a Ritual  |0 (DE-588)4050164-4  |0 (DE-603)085140066  |2 gnd 
651 7 |a Polen  |0 (DE-588)4046496-9  |0 (DE-603)085129801  |2 gnd 
810 2 2 |a Geisteswissenschaftliches Zentrum Geschichte und Kultur Ostmitteleuropas  |t GWZO-Arbeitshilfen  |v 2  |w (DE-603)186294034  |w (DE-600)2128420-9  |9 12  |7 as 
856 4 2 |m V:DE-603;B:DE-Mb50  |q application/pdf  |u http://scans.hebis.de/HEBCGI/show.pl?11511569_toc.pdf  |3 Inhaltsverzeichnis 
924 0 |9 Mb 50  |a (DE-603)628662203  |b DE-Mb50  |c HES  |d c  |g 11.06120 
924 0 |9 Ds 123  |a (DE-603)635699842  |b DE-Ds123  |c HES  |d d  |g Gk Ma-I/P 
924 0 |9 2080  |a (DE-603)79385542X  |b DE-2080  |c HES  |d d  |g /